Pricing, distribution and employment : Economics of an enterprise system

সংরক্ষণ করুন:
গ্রন্থ-পঞ্জীর বিবরন
প্রধান লেখক: Bain, Joe S.
বিন্যাস: গ্রন্থ
ভাষা:Undetermined
প্রকাশিত: New York Henry Holt and Company 1948
বিষয়গুলি:
ট্যাগগুলো: ট্যাগ যুক্ত করুন
কোনো ট্যাগ নেই, প্রথমজন হিসাবে ট্যাগ করুন!
Thư viện lưu trữ: Trung tâm Học liệu Trường Đại học Cần Thơ
LEADER 00517nam a2200181Ia 4500
001 CTU_79519
008 210402s9999 xx 000 0 und d
082 |a 332.6 
082 |b B162 
100 |a Bain, Joe S. 
245 0 |a Pricing, distribution and employment : 
245 0 |b Economics of an enterprise system 
245 0 |c Joe S. Bain 
260 |a New York 
260 |b Henry Holt and Company 
260 |c 1948 
650 |a Income,Investments,Pricing 
980 |a Trung tâm Học liệu Trường Đại học Cần Thơ